01374nam a2200325 i 4500001000700000003000900007005001700016008004100033020001800074080001800092100003300110245012200143260003500265300002000300490004800320500002000368500002100388504003900409505015600448650004400604650002500648650002700673650002100700700003100721830005600752852007200808942002300880999001900903952012600922186653ES-MaACL20250804044551.0161219s2001 fr |||| | fre d a2-08-070641-1 a1(37/38)(091)1 aLong, Anthony A.973225eaut14aLes philosophes hellénistiques / cA.A. Long & D.N. Sedley ; traduction par Jacques Brunschwig et Pierre Pellegrin. aParis : bFlammarion, c[2001] a3 v. ; c18 cm.1 aLa philosophie de l'antiquité ; v641-643 aGlosario (v. 3) aÍndices (v. 3) aBibliografía: p. [97]-187 (v. 3)8 aContiene: I ; tPyrrhon. L'épicurisme (312 p.) - II ; tLes stoïciens (570 p.) - III ; tLes académiciens. La renaissance du pyrrhonisme (253 p.)07aFilosofía helenística2embne91285204aEscépticos.912356 aEpicureísmo.917194104aEstoicos.9125561 aSedley, D. N.9161443eaut0 aLa philosophie de l'antiquité ; v641-6439225452 aES-MaACLjL-30965-67 cDEPO2hBiblioteca Jacinto Martínez Lacalle 2udccMONOGRAFIAn0 c186653d186653 00104070aATENEOMbATENEOMcDEPO2d2016-12-19eDONl0oL-30965-67p1196843r2023-02-23 00:00:00w2023-02-23yMONOGRAFIA